El libro de oro de las celebraciones escolares

Uloženo v:
Podrobná bibliografie
Hlavní autor: Peinado, Hemel Santiago
Médium: Kniha
Jazyk:Spanish
Vydáno: Bogotá : Cooperativa Editorial Magisterio, 2004.
Edice:Ediciones especiales
Témata:
On-line přístup:Enlace del recurso
Tagy: Přidat tag
Žádné tagy, Buďte první, kdo vytvoří štítek k tomuto záznamu!

MARC

LEADER 00000cam a2200000 a 4500
001 C00316781c-3
003 OSt
005 20160903180342.0
008 050210s2004 ck a r 00010 spa d
015 |a ck-2004-xxxx 
020 |a 9582007907 
040 |c CO-BoIIE 
041 0 |a spa 
043 |a s-ck--- 
082 0 4 |a 398.357   |b P37l  
100 1 |a Peinado, Hemel Santiago.  |9 372 
245 1 3 |a El libro de oro de las celebraciones escolares   |c Hemel Santiago Peinado. 
260 |a Bogotá :   |b Cooperativa Editorial Magisterio,   |c 2004. 
300 |a 564 p. :   |b il. ;  
440 0 |a Ediciones especiales  |9 1646 
650 |a Emblemas nacionales  |z  Colombia.  |9 1647 
650 6 |a Danzas populares y nacionales colombianas.  |9 1648 
650 6 |a Manifestaciones culturales  |z  Colombia.  |9 1649 
650 6 |a Festivales musicales  |z  Colombia.  |9 1650 
650 6 |a Festivales culturales  |z  Colombia.  |9 1651 
942 |2 ddc  |c BK 
949 |a c   |b c 
999 |c 5074  |d 5074 
856 |u https://catalogo.idep.edu.co/cgi-bin/koha/opac-detail.pl?biblionumber=5074  |z Enlace del recurso